000 01189nam a22001697a 4500
008 140804b xxu||||| |||| 00| 0 eng d
020 _a10047092649
050 _aHF5657.4.D29
100 _aDavis, Charles E.
245 _aManagerial accounting. /
_cCharles E. Davis
260 _aU.S.A:
_bJohn Wiley & Sons,
_c2001.
300 _axxvi,705p.:
_bill.;
_c26cm.
500 _aIncludes index and glossary.
505 _aContents: Accounting as a tool for management: Focus on C&C sports -- Cost behaviour and cost estimation -- Cost-volume-profit analysis and pricing decisions -- Product costing for manufacturing companies: Focus on process costing -- Focus on variable and absorption costing -- Planning and forecasting -- Performance evaluation: Variance analysis: Focus on standard costing systems -- Activity-based costing and activity-based management: Focus on customer profitability -- Using accounting information to make managerial decisions -- Capital budgeting -- Decentralization and performance evaluation -- Performance evaluation: revisited: A Balanced approach -- Financial statement analysis -- Statement of cash flows.
700 _aDavis Elizabeth B.
942 _2lcc
_cBK
999 _c3236
_d10736